000 00778nam a22001817a 4500
005 20120213123347.0
020 _c325.00
_a8121401879
035 _aB-207287
037 _b
_adpl
082 _a181.45
100 _a पैसोआ, फरनान्दो
_941737
245 1 _aआत्मा की खोज /
_cफरनान्दो पैसोआ
260 _aनई दिल्ली
_bनेशनल पब्लिशिंग हाउस
_c2006
270 _a
_b
_e
_k
300 _a288पृ.
_c22सेमी (सजिल्द)
942 _adpl
_cHN
_k
_2ddc
_h181.45
_mपैसोआ
999 _c62620
_d62620